000 00371cam a22001337a 4500
008 180718b1930 xxu||||| |||| 00| 0 eng d
082 _aT2x54 M421
100 _aMatheson, M. Cocile
245 _aIndian industry: yesterday, today and tomorrow
_cby M. Cocile Matheson
260 _aLondon
_bOUP
_c1930
300 _a227p.
500 _aRs.6.00
650 _aIndustry - India
999 _c373422
_d373422